| 000 | 00438nam a2200169Ia 4500 | ||
|---|---|---|---|
| 003 | GCL | ||
| 008 | 140319s9999 xx 000 0 ara d | ||
| 040 |
_aGCL / _cGCL |
||
| 082 | 0 | 4 |
_a814.008 _bا ا |
| 100 | 1 | _aاحمد بهجت | |
| 245 | 1 | 0 |
_aاهل اليسار ياليل / _cاحمد بهجت |
| 300 | _a165 ص | ||
| 490 | _a | ||
| 650 | 0 | 4 | _aالادب العربى |
| 650 | 0 | 4 | _aالمقالات العربية |
| 942 |
_2ddc _cBK |
||
| 999 |
_c45228 _d45228 |
||